Biología sintética: usurpar los sustentos campesinos/
Guardado en:
| Hovedforfatter: | |
|---|---|
| Format: | Bog |
| Sprog: | Spanish |
| Tags: |
Tilføj Tag
Ingen Tags, Vær først til at tagge denne postø!
|
MARC
| LEADER | 00000nam a22000007a 4500 | ||
|---|---|---|---|
| 003 | cru CIDCACS/IIS | ||
| 005 | 20181101062530.0 | ||
| 007 | ta | ||
| 008 | 181031s2016 uy |||p|r||||||0| ||spa|d | ||
| 999 | |c 41858 |d 41858 | ||
| 040 | |c cru CIDCACS/IIS | ||
| 100 | 1 | |a Villa Arias, Verónica |9 7887 | |
| 245 | 1 | |a Biología sintética: |b usurpar los sustentos campesinos/ |c Verónica Villa Arias | |
| 300 | |a páginas 11-15: |b fotos | ||
| 773 | 0 | |0 41050 |9 1917 |a Red de Ecología Social (Uruguay) |d Uruguay: REDES-AT; GRAIN |o 18893 |t Biodiversidad: |x 07977888X | |
| 942 | |2 ddc |c PP | ||
